000 00734nam a2200253 4500
001 2198789
003 GBCCL
005 20241126110426.0
008 710823t19711970paua 001 0 eng
010 _a 73150681
020 _a0825547008
040 _aDLC
_cDLC
_dDLC
050 0 0 _aBJ1470
_b.I83 1971
082 0 0 _a200
_bISH
100 1 _aIsherwood, Margaret.
_94750
245 1 0 _aSearching for meaning;
_ba religion of inner growth for agnostics and believers.
260 _aPhiladelphia,
_bMacrae Smith Co.
_c[1971, c1970]
300 _a175 p.
_billus.
_c24 cm.
350 _a$5.95
650 0 _aSelf-realization.
_94751
650 0 _aReligion.
_91728
906 _a7
_bcbc
_corignew
_d2
_encip
_f19
_gy-gencatlg
942 _2ddc
_cBK
999 _c2296
_d2296